| 000 | 00709cab a2200217 4500 | ||
|---|---|---|---|
| 001 | WB3507-51 | ||
| 008 | 090401t1999 xxu||||| |||| 00| 0 eng d | ||
| 035 | _a(Sirsi) u91439 | ||
| 041 | _aeng | ||
| 245 | _aNew MD for business division | ||
| 260 | _c1999 | ||
| 350 | _a0 | ||
| 490 |
_aRICS Press Release _v(pr164) 16 February 1999 (2) |
||
| 520 | _aThe RICS has appointed a new managing director for its commercial arm, RICS Business Services (RBS). Robert Ashmead will take up the post on 1 March 1999. | ||
| 650 | _aAGENDA FOR CHANGE | ||
| 650 | _aRICS BUSINESS SERVICES | ||
| 650 | _aRICS | ||
| 690 | _aMANAGEMENT-BUSINESS MANAGEMENT-PROFESSIONAL PRACTICE | ||
| 942 | _n0 | ||
| 948 | _c18/02/1999 | ||
| 999 |
_c58049 _d58049 |
||